The way ahead (Record no. 71941)

MARC details
000 -LEADER
fixed length control field 00988cam a2200193 4500
001 - CONTROL NUMBER
control field ABS66322
008 - FIXED-LENGTH DATA ELEMENTS--GENERAL INFORMATION
fixed length control field 030120n2003 000 0 eng u
035 ## - SYSTEM CONTROL NUMBER
System control number (Sirsi) u121072
100 ## - MAIN ENTRY--PERSONAL NAME
Personal name Jeynes, J.
245 #4 - TITLE STATEMENT
Title The way ahead
260 ## - PUBLICATION, DISTRIBUTION, ETC.
Date of publication, distribution, etc. 2003
490 ## - SERIES STATEMENT
Series statement Fire Engineers' Journal
Volume/sequential designation January 2003, 30-31(2)
520 ## - SUMMARY, ETC.
Summary, etc. Outlines the impact on small firms of the planned changes in the fire safety regime, which come into force in England and Wales in spring 2004. Concludes that the new "Regulatory Reform (Fire Safety) Order" will help to erase some of the confusion which has arisen over multiple regulatory regimes, which often have conflicting requirements, especially for small organisations. States that guidance on the new regulations would be welcome so that the new regime will be readily accepted.
590 ## - LOCAL NOTE (RLIN)
Local note ABS
650 ## - SUBJECT ADDED ENTRY--TOPICAL TERM
Topical term or geographic name entry element MANAGEMENT-HEALTH AND SAFETY-FIRE SAFETY
650 ## - SUBJECT ADDED ENTRY--TOPICAL TERM
Topical term or geographic name entry element RISK MANAGEMENT
690 ## - LOCAL SUBJECT ADDED ENTRY--TOPICAL TERM (OCLC, RLIN)
Topical term or geographic name as entry element BUILT ENVIRONMENT-BUILDING STANDARDS
942 ## - ADDED ENTRY ELEMENTS (KOHA)
Suppress in OPAC 0
Holdings
Withdrawn status Lost status Source of classification or shelving scheme Damaged status Not for loan Home library Current library Shelving location Date acquired Total Checkouts Full call number Barcode Date last seen Copy number Price effective from Koha item type
    Dewey Decimal Classification     London London Journal article 20/01/2003   ABS66322 121072-1001 06/08/2019 1 06/08/2019 Journal article